| 000 | 00801nam a2200241 a 4500 | ||
|---|---|---|---|
| 001 | BRCA_7072 | ||
| 005 | 20190320205713.0 | ||
| 008 | 071211s1905----fr-#######---#000-0#fre-# | ||
| 041 | _afre | ||
| 044 |
_afr _c.H64 1905 |
||
| 100 | 1 |
_aHoffmann, Ernst Theodor Amadeus _917584 |
|
| 245 | 1 | 0 |
_aContes, Récites et Nouvelles _ctirés des Frères de Sérapion ; préface et notes D´Edouard Lemoine, Licencié ès lettres. |
| 260 |
_aParís _bGarnier _c[1905] |
||
| 300 |
_aLXX, 381 p. _c19 cm. |
||
| 440 | 0 |
_aClassiques Garnier _917585 |
|
| 500 | _aEstado físico: Intonso, deshojado, lomo y cubiertas rotos | ||
| 500 | _aO41 | ||
| 650 | 1 | 4 |
_aLiteratura Francesa. _917586 |
| 700 | 1 |
_aLemoine, D´Edouard _917587 |
|
| 740 | 0 | _aChoix de contes, récits et nouvelles | |
| 902 | _aGFM | ||
| 942 |
_2lcc _cB |
||
| 999 |
_c6753 _d6753 |
||